Herby i godła państw Ameryki Południowej - Statystyki

Ogólne statystyki
  • Ten quiz został rozwiązany 30 razy
  • Średni wynik to 12 z 12
Statystyki odpowiedzi
Obrazkowy Odpowiedź % Poprawnych
Argentyna
100%
Boliwia
100%
Brazylia
100%
Ekwador
100%
Gujana
100%
Paragwaj
100%
Peru
100%
Surinam
100%
Urugwaj
100%
Wenezuela
100%
Kolumbia
95%
Chile
90%
Nie znaleziono quizów pasujących do podanych kryteriów
Rozkład punktacji
Procent ludzi z każdym wynikiem
Percentyl według liczby udzielonych odpowiedzi
Twoja historia wyników
Nie rozwiązałeś tego quizu